| 000 | 00511nam a2200181Ia 4500 | ||
|---|---|---|---|
| 003 | SGT | ||
| 020 | _a9788125010333 | ||
| 082 |
_a428.2 _bTIC |
||
| 100 | _aTickoo,M.L. | ||
| 245 | _aIntermediate ctammar usage and composition | ||
| 260 |
_bOrient Blackswan Private Limted _aHyderabad _c2009 |
||
| 300 | _a331p. | ||
| 650 | _aENGLISH | ||
| 653 | _aTHE SENTENCE,PARTS OF SPEECH:IDENTIFICATION,ARTICLES,PRONOUNS,ADJECTIVES,THE VERB | ||
| 700 | _aSubramaniam,P.R | ||
| 700 | _aSubramanian,A.E | ||
| 942 |
_2ddc _cBK |
||
| 999 |
_c4955 _d4955 |
||